| 000 | 00853cam a2200253 i 4500 | ||
|---|---|---|---|
| 999 |
_c17080 _d17080 |
||
| 001 | 1794144 | ||
| 005 | 20161121150417.0 | ||
| 008 | 790413s1979 maua b 001 0 eng | ||
| 010 | _a 78069609 | ||
| 020 | _a0395265266 | ||
| 040 |
_aDLC _cDLC _dDLC |
||
| 050 | 0 | 0 |
_aLC3965.K56 1979 _b.K56 1979 |
| 100 | 1 |
_aKirk, Samuel A. _q(Samuel Alexander), _d1904- |
|
| 245 | 1 | 0 |
_aEducating exceptional children / _cSamuel A. Kirk, James J. Gallagher. |
| 250 | _a3d ed. | ||
| 260 |
_aBoston : _bHoughton Mifflin, _cc1979. |
||
| 300 |
_axiv, 545 p. : _bill. ; _c24 cm. |
||
| 504 | _aIncludes bibliographies and indexes. | ||
| 650 | 0 | _aSpecial education. | |
| 700 | 1 |
_aGallagher, James J. _q(James John), _d1926-2014, _ejoint author. |
|
| 906 |
_a7 _bcbc _corignew _d2 _eopcn _f19 _gy-gencatlg |
||
| 942 |
_2lcc _cBOOKS _hLC3965.K56 1979 |
||